[Event "VIE-ch U11"]
[Site "Ho Chi Minh City"]
[Date "2014.07.15"]
[Round "4"]
[White "Nguyen, Duy Tan"]
[Black "Phan, Trung Kien"]
[Result "1/2-1/2"]
[WhiteElo "1930"]
[BlackElo "1959"]
[PlyCount "65"]
[EventDate "2014.07.13"]
[EventType "swiss"]
[EventRounds "9"]
[EventCountry "VIE"]
[SourceTitle "EXT 2016"]
[Source "ChessBase"]
[SourceDate "2015.10.08"]
[SourceVersion "1"]
[SourceVersionDate "2015.10.08"]
[SourceQuality "1"]

1. e4 e5 2. Nf3 Nc6 3. Bc4 Bc5 4. c3 Nf6 5. d4 exd4 6. cxd4 Bb4+ 7. Nc3 Nxe4 8. 0-0 Bxc3 9. bxc3 d5 10. Bb5 0-0 11. Qc2 Ne7 12. Be3 f5 13. Ne5 Nc6 14. Nxc6 bxc6 15. f3 Nd6 16. Rfe1 Qh4 17. Bd3 f4 18. Bf2 Qg5 19. Bxh7+ Kh8 20. Re5 Nf5 21. Bxf5 Bxf5 22. Qd2 Qh6 23. g4 fxg3 24. Qxh6+ gxh6 25. Bxg3 Bd3 26. Kg2 Bc4 27. Re6 Rae8 28. Rae1 Rxe6 29. Rxe6 Kh7 30. Rxc6 Rf7 31. a3 Be2 32. Rxc7 Rxc7 33. Bxc7 1/2-1/2